AFL Essendon Bombers Player Numbers - Statistics

General Stats
  • This quiz has been taken 51 times
  • The average score is 28 of 45
Answer Stats
Hint Answer % Correct
Zach Merrett 7
95%
Kyle Langford 4
91%
Andrew McGrath 1
86%
Sam Durham 22
86%
Jye Caldwell 6
86%
Archie Perkins 16
82%
Harrison Jones 23
82%
Darcy Parish 3
82%
Peter Wright 20
77%
Isaac Kako 10
73%
Jordan Ridley 14
73%
Archie Roberts 21
73%
Mason Redman 27
73%
Zach Reid 31
73%
Matt Guelfi 35
73%
Nic Martin 37
73%
Elijah Tsatas 5
73%
Nik Cox 13
68%
Xavier Duursma 28
68%
Nate Caddy 30
68%
Ben McKay 32
68%
Brayden Fiorini 8
68%
Sullivan Robey 9
68%
Jade Gresham 11
64%
Jaxon Prior 25
64%
Jayden Nguyen 42
64%
Nick Bryan 24
59%
Jacob Farrow 2
55%
Lachlan Blakiston 46
55%
Will Setterfield 12
50%
Dyson Sharp 15
50%
Zak Johnson 40
50%
Archer Day-Wicks 44
50%
Thomas Edwards 45
50%
Hussien El Achkar 33
45%
Saad El-Hawli 41
45%
Lewis Hayes 18
41%
Angus Clarke 36
41%
Liam McMahon 48
41%
Vigo Visentini 17
36%
Kayle Gerreyn 19
36%
Archer May 26
36%
Rhys Unwin 38
32%
Max Kondogiannis 29
23%
Cillian Bourke 39
14%
No matching quizzes found
Score Distribution
Percent of People with Each Score
Percentile by Number Answered
Your Score History
You have not taken this quiz